| 000 | 01471nam0a22002891 4500 | ||
|---|---|---|---|
| 001 | rc\4108491 | ||
| 005 | 20250116105309.0 | ||
| 021 |
_aRU _b[53-16636] |
||
| 035 | _a(NLR Aleph) 008143830 | ||
| 090 |
_a9501641 _c9501641 |
||
| 100 | _a20130415d1953 |||y0rusy50 ca | ||
| 101 | 0 |
_arus _aarm |
|
| 102 | _aRU | ||
| 105 | _ay z ||||| | ||
| 200 | 1 |
_aТезисы докладов _fАрм. о-во физиологов, биохимиков и фармакологов. Ин-т физиологии Акад. наук Арм. ССР. Ереванский мед. ин-т. Науч. сессия по вопросам высш. нервной деятельности, посвящ. 17-летию со дня смерти И.П. Павлова. 21-23 апр. 1953 г. |
|
| 210 |
_aЕреван _cИзд-во Акад. наук Арм. ССР _d1953 |
||
| 215 |
_a55 с. _d22 |
||
| 300 | _aЧасть текста на арм. яз. | ||
| 606 |
_aВысшая нервная деятельность _jТезисы докладов _2psbo |
||
| 702 | 1 |
_aПавлов _bИ. П. _4570 |
|
| 710 | 1 | 2 |
_aНаучная сессия по вопросам высшей нервной деятельности, посвященная 17-летию со дня смерти И. П. Павлова _f1953 _eЕреван _3RU\NLR\AUTH\880621927 |
| 801 | 0 |
_aRU _bNLR _gpsbo |
|
| 801 | 1 |
_aRU _bELAR _2rusmarc |
|
| 852 |
_aNLR _jАф02 Г-6/163 |
||
| 942 | _cBOOK | ||
| 980 | _aNB | ||